| 000 | 00512nam a2200193 a 4500 | ||
|---|---|---|---|
| 001 | 1763796556041 | ||
| 003 | ACL | ||
| 005 | 20251122130144.0 | ||
| 008 | 251122s2003##################000#0#eng## | ||
| 020 | _a9780201745511 | ||
| 082 | 0 | 4 |
_a621.382 _bLEE |
| 100 | 1 |
_aLee, Edward A., _eauthor. |
|
| 245 | 1 | 0 | _aStructure and Interpretation of Signals and Systems : |
| 260 |
_bAddison Wesley, _c2003. |
||
| 300 | _a647 pages | ||
| 650 | 0 | _aTechnology & Engineering. | |
| 942 | _cENGLISH | ||
| 040 |
_aACL _beng _cACL |
||
| 999 |
_c598406 _d598406 |
||